00346 a2200109 450000500170000002000180001708200120003524500810004726000450012830000380017370000250021120250626125027.0 a0-88936-854-6 a658 MOR aTransnational Social Policies:The New DevelopmentChallenges of Globalization aOttawabEarthscan Publications LTDc1999 avii,203p.;bAppendix,Indexc22cm. aDaniel Morales-Gomez